Ballon d'Or Winners - Sudden Death - Statistics

General Stats
  • This quiz has been taken 4,501 times
  • The average score is 8 of 15
Answers on the Grid
Answers color-coded by a green-red scale on the quiz's grid according to % correct below.
Andrés Iniesta
Andriy Shevchenko
Cristiano Ronaldo
Deco
Diego Maradona
Eric Cantona
Fabio Cannavaro
Ferenc Puskás
Franck Ribéry
Franz Beckenbauer
Gareth Bale
Gianluigi Buffon
Kaká
Lev Yashin
Lionel Messi
Luka Modrić
Manuel Neuer
Michael Owen
Michel Platini
Neymar
Pavel Nedvěd
Pelé
Roberto Carlos
Rodri
Ronaldo
Ruud Gullit
Sergio Agüero
Thierry Henry
Thomas Müller
Toni Kroos
Wayne Rooney
Zinedine Zidane
Zlatan Ibrahimović
 
Answer Stats
Answer % Correct
Cristiano Ronaldo
91%
Andriy Shevchenko
77%
Fabio Cannavaro
60%
Lionel Messi
60%
Luka Modrić
59%
Kaká
57%
Ronaldo
53%
Rodri
52%
Zinedine Zidane
51%
Michael Owen
50%
Pavel Nedvěd
50%
Franz Beckenbauer
48%
Lev Yashin
47%
Michel Platini
47%
Ruud Gullit
38%
No matching quizzes found
Score Distribution
Percent of People with Each Score
Percentile by Number Answered
Your Score History
You have not taken this quiz